000 00664nam a22002057a 4500
003 Nust
005 20241030162536.0
008 170216b xxu||||| |||| 00| 0 eng d
040 _cNust-MCE
082 _a200
100 _aTipu Shujaat Ali Khan
_9126636
245 _aFire Safety Managment in High Rise Commercial Buildings of Islamabad, Pakistan/
_cShujaat Ali Khan Tipu
260 _aRisalpur Cantt
_bMCE
_cc2014
300 _aP 196
650 _aThesis
_934811
700 _aDr. Arshad Ali, Asst Prof
700 _aMS-Construction Engineering and Management
_9126637
856 _uhttp://10.250.8.41:8080/xmlui/handle/123456789/11797
942 _cSC
_2ddc
999 _c230053
_d230053